<?xml version="1.0" encoding="UTF-8"?>
<record
    xmlns:xsi="http://www.w3.org/2001/XMLSchema-instance"
    xsi:schemaLocation="http://www.loc.gov/MARC21/slim http://www.loc.gov/standards/marcxml/schema/MARC21slim.xsd"
    xmlns="http://www.loc.gov/MARC21/slim">

  <leader>00717nam a2200181Ia 4500</leader>
  <controlfield tag="008">090630s9999    xx            000 0 und d</controlfield>
  <datafield tag="082" ind1=" " ind2=" ">
    <subfield code="b">12454</subfield>
  </datafield>
  <datafield tag="100" ind1=" " ind2=" ">
    <subfield code="a">&#x921;&#x949;. &#x938;&#x94C;. &#x926;&#x93F;&#x915;&#x94D;&#x937;&#x924;&#x93F; &#x932;&#x93F;&#x932;&#x93E;.</subfield>
  </datafield>
  <datafield tag="245" ind1=" " ind2=" ">
    <subfield code="a">&#x938;&#x94D;&#x935;&#x93E;&#x92E;&#x940; &#x905;&#x92A;&#x930;&#x93E;&#x902;&#x924;&#x93E;&#x91A;&#x93E;.</subfield>
    <subfield code="c">&#x921;&#x949;. &#x938;&#x94C;. &#x926;&#x93F;&#x915;&#x94D;&#x937;&#x924;&#x93F; &#x932;&#x93F;&#x932;&#x93E;.</subfield>
  </datafield>
  <datafield tag="260" ind1=" " ind2=" ">
    <subfield code="b">&#x938;&#x94D;&#x928;&#x947;&#x939;&#x932; - &#x92A;&#x941;&#x923;&#x947; 4.</subfield>
    <subfield code="c">1993</subfield>
  </datafield>
  <datafield tag="300" ind1=" " ind2=" ">
    <subfield code="a">206</subfield>
  </datafield>
  <datafield tag="600" ind1=" " ind2=" ">
    <subfield code="a">&#x921;&#x949;. &#x938;&#x94C;. &#x926;&#x93F;&#x915;&#x94D;&#x937;&#x924;&#x93F; &#x932;&#x93F;&#x932;&#x93E;.</subfield>
  </datafield>
  <datafield tag="630" ind1=" " ind2=" ">
    <subfield code="a">&#x938;&#x94D;&#x935;&#x93E;&#x92E;&#x940; &#x905;&#x92A;&#x930;&#x93E;&#x902;&#x924;&#x93E;&#x91A;&#x93E;.</subfield>
  </datafield>
  <datafield tag="655" ind1=" " ind2=" ">
    <subfield code="a">&#x91A;&#x930;&#x93F;&#x924;&#x94D;&#x930;.</subfield>
  </datafield>
  <datafield tag="700" ind1=" " ind2=" ">
    <subfield code="a">&#x921;&#x949;. &#x938;&#x94C;. &#x926;&#x93F;&#x915;&#x94D;&#x937;&#x924;&#x93F; &#x932;&#x93F;&#x932;&#x93E;.</subfield>
  </datafield>
  <datafield tag="730" ind1=" " ind2=" ">
    <subfield code="a">&#x938;&#x94D;&#x935;&#x93E;&#x92E;&#x940; &#x905;&#x92A;&#x930;&#x93E;&#x902;&#x924;&#x93E;&#x91A;&#x93E;.</subfield>
  </datafield>
  <datafield tag="942" ind1=" " ind2=" ">
    <subfield code="c">BOOK</subfield>
  </datafield>
  <datafield tag="999" ind1=" " ind2=" ">
    <subfield code="c">264310</subfield>
    <subfield code="d">264310</subfield>
  </datafield>
  <datafield tag="952" ind1=" " ind2=" ">
    <subfield code="0">0</subfield>
    <subfield code="1">0</subfield>
    <subfield code="4">0</subfield>
    <subfield code="7">0</subfield>
    <subfield code="a">SAWASHRI</subfield>
    <subfield code="b">SAWASHRI</subfield>
    <subfield code="d">1993-10-03</subfield>
    <subfield code="g">100.00</subfield>
    <subfield code="l">0</subfield>
    <subfield code="o">12454</subfield>
    <subfield code="p">SAWASHRI-12454</subfield>
    <subfield code="r">2009-06-30 00:00:00</subfield>
    <subfield code="v">100.00</subfield>
    <subfield code="w">2009-06-30</subfield>
    <subfield code="y">BOOK</subfield>
  </datafield>
</record>
